| 000 | 00836nam a22002417a 4500 | ||
|---|---|---|---|
| 999 |
_c64569 _d64569 |
||
| 005 | 20240530110738.0 | ||
| 008 | 180904s2008 ua a g b 000 0 ara d | ||
| 017 |
_bمصر. دار الكتب _a2007/20722 |
||
| 020 | _a9772087014 | ||
| 040 |
_aEG-CaGPL _cEG-CaGPL |
||
| 082 | 0 | 4 |
_221 _a214.27 \ _bف م |
| 100 | 0 | _aفيلو ثاوس فرج | |
| 245 | 1 | 0 |
_aمساحات الود والاحترام بين المسيحية والاسلام / _cالقمص فيلو ثاوس فرج |
| 250 | _aط.1 | ||
| 260 |
_aالقاهرة : _bمكتبة مدبولى، _c2008 . |
||
| 300 |
_a212 ص. ؛ _c24 سم. |
||
| 650 | 0 | 7 | _aالتثليث |
| 650 | 0 | 7 |
_aالثقافة الاسلامية _2qrmak |
| 650 | 0 | 7 |
_aالقران الكريم _2qrmak |
| 651 | _2qrmak | ||
| 942 |
_2ddc _cBK |
||